000 00533nam a2200157 i 4500
001 54073
003 ES-MaACL
005 20230906162907.0
007 t|
008 031124s1873 sp ||||1| spa d
100 1 _aFerrer y Viñerta, Enrique.
_950520
245 1 0 _aMemoria de la clínica quirúrgica de la Facultad de Medicina de la Universidad de Valencia /
_cEnrique Ferrer y Viñerta.
260 _aValencia :
_b[s.n.],
_c1873.
710 2 _aUniversidad de Valencia.
_bFacultad de Medicina.
_97327
852 _aES-MaACL
_jT-634-F-4
999 _c54073
_d54073